Quick Pick: Star Wars Films by Planets Quiz Stats

 Plays Quiz Updated Mar 21, 2018

Challenge
Share
Tweet
Embed
Score 0/10 Timer 01:30
1 Play Today
% Correct
Episode V: The Empire Strikes Back
80.8%
Episode IV: A New Hope
75.8%
Episode I: The Phantom Menace
75.8%
Episode VII: The Force Awakens
71.7%
Episode II: Attack Of The Clones
70.8%
Episode III: Revenge of the Sith
60.4%
Episode VIII: The Last Jedi
59.7%
Episode VI: Return Of The Jedi
58.6%
Rogue One
52%
The Clone Wars
48.4%

Today's Daily Dose

You're not logged in!

Compare scores with friends on all Sporcle quizzes.
Join for Free
OR
Log In

Show Comments

Extras

Top Quizzes Today


Score Distribution

Your Account Isn't Verified!

In order to create a playlist on Sporcle, you need to verify the email address you used during registration. Go to your Sporcle Settings to finish the process.

Report this User

Report this user for behavior that violates our Community Guidelines.

Details: